La cosiddetta "mummia" infantile dell'Acacus nel quadro delle costumanze funebri preistoriche mediterranee e sahariane /

محفوظ في:

المؤلف الرئيسي: Sattin, Franco (مؤلف)

مؤلفون آخرون: Gusmano, Gaetano.

التنسيق: كتاب

اللغة: Italian

منشور في: Tripoli : Directorate-General of Antiquities, Museums and Archives, [1964].

سلاسل: Supplements to Libya antiqua ; 1.

الموضوعات:

الوسوم: إضافة وسم

لا توجد وسوم, كن أول من يضع وسما على هذه التسجيلة!

رقم الطلب: ( F )DT221 .S28 1964

LEADER 01268namaa2200325 4500
001 19216
003 OSt
005 20221130091105.0
008 130303s1964 ly af g b 000 0 ita d
952 |0 0  |1 0  |2 lcc  |4 0  |7 1  |9 44128  |a ARCE  |b ARCE  |d 2022-11-30  |l 0  |o ( F )DT221 .S28 1964  |r 2022-11-30 00:00:00  |w 2022-11-30  |y BK 
999 |c 16979  |d 16979 
010 |a 93133267 
040 |c ARCE Library 
041 0 |a ita  |b ara  |b eng  |b fre  |b ger 
043 |a f-ly--- 
050 4 |a ( F )DT221 .S28 1964 
100 1 |a Sattin, Franco,  |e author 
245 1 3 |a La cosiddetta "mummia" infantile dell'Acacus nel quadro delle costumanze funebri preistoriche mediterranee e sahariane /  |c di Franco Sattin, Gaetano Gusmano. 
264 1 |a Tripoli :   |b Directorate-General of Antiquities, Museums and Archives,   |c [1964]. 
300 |a 46, 8 p., [6] leaves of plates :   |b illustrations ;   |c 32 cm. 
490 1 |a Supplements to Libya antiqua ;   |v 1. 
504 |a Bibliography : page 41. 
546 |a Summaries in French, English, German and Arabic.  
546 |a Added t.p. and table of contents also in Arabic. 
650 0 |a Burial   |z Libya 
651 0 |a Libya  |x Antiquities. 
700 1 |a Gusmano, Gaetano.  |9 31253 
830 0 |a Supplements to Libya antiqua ;   |v 1. 
901 |a reviewed 
942 |c BK  |2 lcc